| 000 | 01258cam a2200337 a 4500 | ||
|---|---|---|---|
| 001 | 11804906 | ||
| 003 | OSt | ||
| 005 | 20211217113443.0 | ||
| 008 | 991007s2000 maua b 001 0 eng | ||
| 010 | _a 99052104 | ||
| 020 | _a9788131203521 | ||
| 038 | _aKhadija | ||
| 040 |
_aDLC _cDLC _dDLC |
||
| 050 | 0 | 0 |
_aTJ1185 _b.T73 2000 |
| 082 | 0 | 0 |
_a671.53 _221 _bTRE |
| 100 | 1 |
_aTrent, E. M. _q(Edward Moor) _986809 |
|
| 245 | 1 | 0 |
_aMetal cutting / _cEdward M. Trent, Paul K. Wright. |
| 250 | _a4th ed. | ||
| 260 |
_aBoston : _bButterworth-Heinemann, _cc2000. |
||
| 300 |
_axviii, 446 p. : _bill. ; _c26 cm. |
||
| 504 | _aIncludes bibliographical references and index. | ||
| 563 | _aPB | ||
| 650 | 0 |
_aMetal-cutting. _986813 |
|
| 650 | 0 |
_aMetal-cutting tools. _986814 |
|
| 700 | 1 |
_aWright, Paul Kenneth. _986815 |
|
| 856 | 4 | 1 |
_3Table of contents _uhttp://www.loc.gov/catdir/toc/els033/99052104.html |
| 856 | 4 | 2 |
_3Publisher description _uhttp://www.loc.gov/catdir/description/els033/99052104.html |
| 906 |
_a7 _bcbc _corignew _d1 _eocip _f19 _gy-gencatlg |
||
| 942 |
_2ddc _cBK |
||
| 999 |
_c33244 _d33244 |
||